000 00786nam a2200217Ia 4500
003 GCL
008 140319s9999 xx 000 0 ara d
040 _aGCL /
_cGCL
082 0 4 _aم
_b103
_bج م
100 1 _aجميل صليبا
245 1 0 _aالمعجم الفلسفى :
_bبالالفاظ العربية والفرنسية والانكليزية واللاتينية /
_cجميل صليبا
260 _aبيروت :
_bالشركة العالمية للكتاب ش م ل ،
_c1994
300 _a2 مجلد ؛
_c24 سم
650 0 4 _aالفلسفة
650 0 4 _aاللغة الفرنسية
650 0 4 _aاللغة العربية
650 0 4 _aالمعاجم
650 0 4 _aاللغة الانجليزية
650 0 4 _aاللغة اللاتينية
942 _2ddc
_cREF
999 _c59412
_d59412